| 000 | 00000nam##2200000za#4500 |
| 001 | 9.663540 |
| 003 | CaOODSP |
| 005 | 20210615121103 |
| 007 | ta |
| 008 | 150407|2002||||xxc||||| f|0| 0 fre|d |
| 020 | |a0-662-66385-3 |
| 040 | |aCaOODSP|bfre |
| 041 | |aeng |
| 041 | |afre |
| 043 | |an-cn--- |
| 086 | 1 |aH35-4/20-2002 |
| 110 | 1 |aCanada.|bSanté Canada. |bDirection générale de la santé des Premières nations et des Inuits. |
| 245 | 10|aInitiative sur le diabète chez les Autochtones: cadre d'évaluation |
| 260 | |aOttawa - Ontario : |bSanté Canada. |c2002. |
| 300 | |aTexte français, 32p. : |borganigrammes, tableaux ; |c28 cm. |
| 563 | |aCouverture souple |
| 590 | |a02-35|b2002-08-23 |
| 691 | 07|aAutochtones|2gcpds |
| 691 | 07|aDiabète|2gcpds |
| 691 | 07|aÉvaluation de programme|2gcpds |
| 775 | 08|tAboriginal Diabetes Initiative evaluation framework |w(CaOODSP)9.663971 |
| 776 | 0#|tAboriginal Diabetes Initiative - evaluation framework |w(CaOODSP)9.696497 |
| 791 | |tAboriginal Diabetes Initiative evaluation framework |eeng|w(CaOODSP)9.663539 |